Vyhrává rychlost Globalizace a lidské zdroje

AMROP International - medzinárodná poradenská spoločnosť - ponúka medzinárodné služby v oblasti "executive search". Úloha personálneho manažéra a väzby ľudských zdrojov na stratégiu a obchodné ciele firmy. Globalizácia a trh s ľudskými zdrojmi. Manažér a jeho schopnosť pracovať na rôznych miestach s...

Descrizione completa

Salvato in:
Dettagli Bibliografici
Autore principale: Kazdová, Alena
Natura: Capitolo di libro
Lingua:ceco
Soggetti:
Tags: Aggiungi Tag
Nessun Tag, puoi essere il primo ad aggiungerne!!

MARC

LEADER 00000naa a2200000 4500
001 r022093
005 20230920093233.7
041 0 |a cze 
044 |a CZ 
245 1 0 |a Vyhrává rychlost  |b Globalizace a lidské zdroje  |c A. Kazdová 
520 |a AMROP International - medzinárodná poradenská spoločnosť - ponúka medzinárodné služby v oblasti "executive search". Úloha personálneho manažéra a väzby ľudských zdrojov na stratégiu a obchodné ciele firmy. Globalizácia a trh s ľudskými zdrojmi. Manažér a jeho schopnosť pracovať na rôznych miestach sveta. Etické princípy pri práci spoločnosti AMROP. Manažér 21. storočia. 
610 2 0 |a zdroje ľudské 
610 2 0 |a manažéri 
610 2 0 |a globalizácia 
610 2 0 |a manažment personálny 
610 2 0 |a výber pracovníkov 
610 2 0 |a poradenstvo personálne 
100 1 |a Kazdová, Alena